Oscar du meilleur acteur par images - Statistiques

Statistiques générales
  • Ce quiz a été pris 55 fois
  • Le résultat moyen est 33 sur 99
Statistiques - réponses
Par images Hint Réponse % Correct
2024 Cillian Murphy
92%
2016 Leonardo DiCaprio
90%
2022 Will Smith
88%
2012 Jean Dujardin
85%
1995 Tom Hanks
83%
1994 Tom Hanks
83%
1993 Al Pacino
81%
2026 Michael B. Jordan
79%
1998 Jack Nicholson
73%
1976 Jack Nicholson
73%
2009 Sean Penn
73%
2004 Sean Penn
73%
2021 Anthony Hopkins
71%
1992 Anthony Hopkins
71%
2020 Joaquin Phoenix
69%
2019 Rami Malek
69%
2025 Adrien Brody
67%
2003 Adrien Brody
67%
1981 Robert De Niro
67%
1996 Nicolas Cage
65%
2002 Denzel Washington
63%
1973 Marlon Brando
62%
1955 Marlon Brando
62%
2011 Colin Firth
54%
2013 Daniel Day-Lewis
54%
2008 Daniel Day-Lewis
54%
1990 Daniel Day-Lewis
54%
2005 Jamie Foxx
54%
2001 Russell Crowe
52%
1989 Dustin Hoffman
50%
1980 Dustin Hoffman
50%
2006 Philip Seymour Hoffman
50%
1988 Michael Douglas
48%
2017 Casey Affleck
44%
2018 Gary Oldman
44%
2014 Matthew McConaughey
44%
2000 Kevin Spacey
42%
2023 Brendan Fraser
38%
2007 Forest Whitaker
38%
1999 Roberto Benigni
38%
2015 Eddie Redmayne
37%
1970 John Wayne
35%
1983 Ben Kingsley
33%
1964 Sidney Poitier
33%
2010 Jeff Bridges
31%
1972 Gene Hackman
25%
1982 Henry Fonda
25%
1991 Jeremy Irons
25%
1987 Paul Newman
25%
1935 Clark Gable
23%
1957 Yul Brynner
23%
1953 Gary Cooper
21%
1942 Gary Cooper
21%
1952 Humphrey Bogart
21%
1961 Burt Lancaster
19%
1963 Gregory Peck
19%
1941 James Stewart
19%
1949 Laurence Olivier
19%
1960 Charlton Heston
17%
1985 F. Murray Abraham
17%
1984 Robert Duvall
17%
1959 David Niven
15%
1971 George C. Scott
15%
1958 Alec Guinness
13%
1997 Geoffrey Rush
13%
1974 Jack Lemmon
12%
1966 Lee Marvin
12%
1939 Spencer Tracy
12%
1938 Spencer Tracy
12%
1986 William Hurt
12%
1956 Ernest Borgnine
10%
1943 James Cagney
10%
1979 Jon Voight
10%
1977 Peter Finch
10%
1954 William Holden
10%
1975 Art Carney
8%
1945 Bing Crosby
8%
1934 Charles Laughton
8%
1947 Fredric March
8%
1932 Fredric March
8%
1931 Lionel Barrymore
8%
1978 Richard Dreyfuss
8%
1951 José Ferrer
6%
1937 Paul Muni
6%
1965 Rex Harrison
6%
1968 Rod Steiger
6%
1950 Broderick Crawford
4%
1969 Cliff Robertson
4%
1929 Emil Jannings
4%
1930 George Arliss
4%
1967 Paul Scofield
4%
1946 Ray Milland
4%
1948 Ronald Colman
4%
1962 Maximilian Schell
2%
1940 Robert Donat
2%
1932 Wallace Beery
2%
1930 Warner Baxter
2%
1944 Paul Lukas
0%
1936 Victor McLaglen
0%
Aucun quiz correspondant
Distribution des résultats
% des personnes avec chaque résultat
Percentile par nombre de réponses
Votre historique - résultats
Vous n’avez pas pris ce quiz